Cities With Most Billionaires Quiz Stats

 Plays Quiz not verified by Sporcle

Challenge
Share
Tweet
Embed
Score 0/20 Timer 04:00
0 Plays Today
# City % Correct
78New York
100%
46London
100%
22Los Angeles
96.9%
16Tokyo
95.4%
27Paris
93.8%
45Beijing
87.7%
68Moscow
84.6%
19Shanghai
81.5%
64Hong Kong
76.9%
26San Francisco
72.3%
# City % Correct
33Mumbai
66.2%
29Seoul
63.1%
22Singapore
63.1%
16Dallas
60%
25Sao Paulo
56.9%
17Delhi
53.8%
28Istanbul
43.1%
24Taipei
40%
15Jakarta
32.3%
25Shenzhen
26.2%

You're not logged in!

Compare scores with friends on all Sporcle quizzes.
OR
Log In

You Might Also Like...

Show Comments

Extras

Top Quizzes Today


Score Distribution

Your Account Isn't Verified!

In order to create a playlist on Sporcle, you need to verify the email address you used during registration. Go to your Sporcle Settings to finish the process.

Report this User

Report this user for behavior that violates our Community Guidelines.

Details: